LEADER 01436nam a2200277 4500 001 000000339642 003 CaOOAMICUS 005 20200302122301.0 008 200302s2020 it 000 u ita r 020 $a978-88-394-0945-4 040 $aSeMil$bita 100 1 $aGerdmar, Anders.$0(OLS)http://semarc/name/111065 240 10$aRoots of theological anti-Semitism.$0(OLS)http://semarc/title/428495 245 10$aBibbia e antisemitismo teologico :$bl'esegesi biblica tedesca e gli ebrei da Herder e Semler a Kittel e Bultmann /$cAnders Gerdmar ; traduzione italiana a cura di Stefano Franchini. 264 1$aBrescia :$bPaideia,$c2020. 300 $a643 p. ;$c22 cm 650 4$aEsegesi biblica.$0(OLS)http://semarc/subject/1980 650 4$aTeologia cristiana e antisemitismo.$0(OLS)http://semarc/subject/49064 700 1 $aFranchini, Stefano,$d<1975- >.$0(OLS)http://semarc/name/52845 830 0$aBiblioteca del Commentario Paideia ;$v9.$0(OLS)http://semarc/title/17531 850 $aSeMil 852 $aSeMil$W1$xVenegono$y1$m2WA B 9$j231041$B230809$CSeMilBibl$Z2$F230809 $81 996 $6020$a978-88-394-0945-4$9(OLS)http://semarc/number/290051 996 $6245$aBibbia e antisemitismo teologico :$bl'esegesi biblica tedesca e gli ebrei da Herder e Semler a Kittel e Bultmann$9(OLS)http://semarc/title/428494 996 $6264$aBrescia :$bPaideia$9(OLS)http://semarc/publisher/29614 LEADER 00911nam a2200229 i 4500 001 000000084468 003 CaOOAMICUS 005 20191121172741.0 008 180830s1955 xx u000 u und u 013 $a56708 040 $aSeMil$bita 100 1 $aPerroud, Robert.$0(OLS)http://semarc/name/39389 245 10$aDa Mauriac a gli esistenzialisti /$cRobert Perroud. 260 $aMilano :$bVita e Pensiero,$c1955. 300 $a267 p. ;$c19 cm 600 14$aMauriac, François <1885-1970>.$0(OLS)http://semarc/subject/16203 650 4$aEsistenzialismo - Filosofia.$0(OLS)http://semarc/subject/5568 850 $aSeMil 852 $aSeMil$W1$xVenegono$y1$m2P I 930$j217911$B230004$CSeMilBibl$Z2$F230004 $81 996 $6245$aDa Mauriac a gli esistenzialisti$9(OLS)http://semarc/title/131174 996 $6260$aMilano :$bVita e Pensiero$9(OLS)http://semarc/publisher/29642